000 00943nam a2200277 4500
001 18029
003 ES-MaACL
005 20230906151737.0
007 t|
008 010730s2000 sp ||||1| spa d
020 _a84-7030-798-3
080 _a321.7(460)(091)
080 _a321.7(72)(091)
100 1 _aVarela Ortega, José.
_9113170
245 1 0 _aElecciones, alternancia y democracia, España-México, una reflexión comparativa /
_cJosé Varela Ortega, Luis Medina Peña ; prólogo, Mercedes Cabrera Calvo-Sotelo.
260 _aMadrid :
_bBiblioteca Nueva,
_c[2000]
300 _a303 p. ;
_c21 cm.
490 1 _aHistoria Biblioteca Nueva
650 1 4 _aDemocracia-
_zEspaña.
_9145899
650 4 _aDemocracia-
_zMéxico.
_911571
700 1 _aMedina Peña, Luis.
_979750
700 1 _aCabrera Calvo-Sotelo, Mercedes.
_933306
830 0 _aHistoria Biblioteca Nueva
_9180322
852 _aES-MaACL
_jL-24782
999 _c18029
_d18029